[Event "New Delhi Parsvnath blitz op 18th"]
[Site "New Delhi"]
[Date "2020.01.14"]
[Round "4"]
[White "Sahib, Singh"]
[Black "Pradip, Tiwari"]
[Result "0-1"]
[WhiteElo "1699"]
[BlackElo "1888"]
[PlyCount "149"]
[EventDate "2020.01.14"]
[EventType "swiss (blitz)"]
[EventRounds "9"]
[EventCountry "IND"]
[SourceTitle "CBM 194 Extra"]
[Source "ChessBase"]
[SourceDate "2020.03.31"]
[SourceVersion "1"]
[SourceVersionDate "2020.03.31"]
[SourceQuality "1"]

1. e4 e5 2. Nf3 Nc6 3. Bc4 Bc5 4. c3 Nf6 5. d3 d6 6. 0-0 a6 7. a4 Be6 8. Ba2 Bxa2 9. Rxa2 h6 10. Re1 0-0 11. Nbd2 Ng4 12. Re2 Bb6 13. h3 Nf6 14. Nf1 Nh5 15. Kh2 Qf6 16. Ng3 Nf4 17. Bxf4 Qxf4 18. Qd2 g6 19. Qxf4 exf4 20. Nf1 Kg7 21. g3 fxg3+ 22. Nxg3 Rae8 23. b4 Ne5 24. Nxe5 dxe5 25. Ra1 Rd8 26. Rd2 Rd7 27. a5 Ba7 28. Kg2 Rfd8 29. Rad1 c5 30. bxc5 Bxc5 31. Kf3 h5 32. Ke2 h4 33. Nf1 f5 34. exf5 gxf5 35. Ne3 Kf6 36. Nc4 Rg8 37. Kf3 Rgd8 38. Ke2 f4 39. Kf3 Kf5 40. Nb2 Rd5 41. Nc4 R8d7 42. Ke2 Rg7 43. Kf3 Ba7 44. Re2 Rgd7 45. Red2 Bc5 46. Ke2 Rg7 47. Kf3 Rg8 48. Re2 Rgd8 49. Red2 Ba7 50. Ke2 R8d7 51. Kf3 Rc7 52. Ke2 Rcd7 53. Kf3 Rd8 54. Ke2 Bc5 55. Kf3 R8d7 56. Ke2 Kf6 57. Kf3 Kf5 58. Ke2 Re7 59. Kf3 Rg7 60. Ke2 Rg2 61. Rf1 Rh2 62. Kf3 Rxh3+ 63. Ke2 Rh2 64. Rb2 Rd7 65. Kd2 Rh3 66. Re1 Rhxd3+ 67. Kc2 e4 68. Rb3 Bxf2 69. Reb1 e3 70. Rxb7 e2 71. Rxd7 Rxd7 72. Nb6 Rd8 73. c4 e1Q 74. Rxe1 Bxe1 75. c5 0-1

[Event "New Delhi Parsvnath op 13th"]
[Site "New Delhi"]
[Date "2015.01.13"]
[Round "7"]
[White "Shashikant, Kutwal"]
[Black "Pradip, Tiwari"]
[Result "1-0"]
[WhiteElo "2189"]
[BlackElo "2030"]
[PlyCount "85"]
[EventDate "2015.01.09"]
[EventType "tourn"]
[EventRounds "10"]
[EventCountry "IND"]
[SourceTitle "CBM 164 Extra"]
[Source "ChessBase"]
[SourceDate "2015.03.02"]
[SourceVersion "1"]
[SourceVersionDate "2015.03.02"]
[SourceQuality "1"]

1. e4 e5 2. Nf3 Nc6 3. Bb5 a6 4. Ba4 Nf6 5. 0-0 Be7 6. Re1 b5 7. Bb3 d6 8. c3 0-0 9. d4 Bg4 10. d5 Na5 11. Bc2 c5 12. dxc6 Nxc6 13. Nbd2 Qc7 14. h3 Bxf3 15. Nxf3 Rac8 16. a3 Na5 17. Bg5 Nc4 18. Ra2 Rfd8 19. Qe2 h6 20. Bxf6 Bxf6 21. a4 Qa5 22. b3 Qxc3 23. bxc4 bxc4 24. Rb1 Rb8 25. Rxb8 Rxb8 26. Qd2 Qb4 27. Qxb4 Rxb4 28. Kf1 g6 29. Ke2 Kg7 30. Nd2 Bd8 31. Nb1 Ba5 32. Nc3 f5 33. Nd5 Rb8 34. exf5 gxf5 35. Bxf5 Rb3 36. Bc2 Rb8 37. Ne3 Bc7 38. Nxc4 d5 39. Ne3 d4 40. Nf5+ Kf6 41. Nxh6 Kg5 42. Nf5 Rf8 43. Ra3 1-0

[Event "New Delhi Parsvnath op 13th"]
[Site "New Delhi"]
[Date "2015.01.12"]
[Round "5"]
[White "Krishna Teja, N."]
[Black "Pradip, Tiwari"]
[Result "1-0"]
[WhiteElo "2158"]
[BlackElo "2030"]
[PlyCount "85"]
[EventDate "2015.01.09"]
[EventType "tourn"]
[EventRounds "10"]
[EventCountry "IND"]
[SourceTitle "CBM 164 Extra"]
[Source "ChessBase"]
[SourceDate "2015.03.02"]
[SourceVersion "1"]
[SourceVersionDate "2015.03.02"]
[SourceQuality "1"]

1. Nf3 Nf6 2. c4 e6 3. g3 b6 4. Bg2 Bb7 5. 0-0 Be7 6. b3 0-0 7. Bb2 d5 8. e3 Nbd7 9. Qe2 c5 10. d3 Qc7 11. Nbd2 Rad8 12. Bh3 Bd6 13. Rac1 Qb8 14. a3 Rfe8 15. Bg2 Bf8 16. Ne1 g6 17. f4 Bg7 18. Nef3 Qa8 19. Ne5 Nxe5 20. fxe5 Nd7 21. d4 cxd4 22. exd4 f6 23. exf6 Nxf6 24. c5 Ne4 25. b4 bxc5 26. Nxe4 dxe4 27. dxc5 Bxb2 28. Qxb2 Bd5 29. Qf6 Qb7 30. Qe5 Rf8 31. h4 Rde8 32. Rxf8+ Rxf8 33. c6 Qb6+ 34. Kh2 Qf2 35. Rf1 e3 36. Rxf2 Rxf2 37. Qb8+ Kg7 38. Qxa7+ Kg8 39. c7 Rxg2+ 40. Kh3 Rc2 41. Qb8+ Kf7 42. c8Q Bg2+ 43. Kg4 1-0

[Event "New Delhi Parsvnath op 13th"]
[Site "New Delhi"]
[Date "2015.01.10"]
[Round "3"]
[White "Kiran, Manisha Mohanty"]
[Black "Pradip, Tiwari"]
[Result "0-1"]
[WhiteElo "2206"]
[BlackElo "2030"]
[PlyCount "117"]
[EventDate "2015.01.09"]
[EventType "tourn"]
[EventRounds "10"]
[EventCountry "IND"]
[SourceTitle "CBM 164 Extra"]
[Source "ChessBase"]
[SourceDate "2015.03.02"]
[SourceVersion "1"]
[SourceVersionDate "2015.03.02"]
[SourceQuality "1"]

1. e4 e5 2. Nf3 Nc6 3. Bb5 a6 4. Ba4 Nf6 5. 0-0 Be7 6. Re1 b5 7. Bb3 d6 8. a4 Bb7 9. d3 0-0 10. Nbd2 Na5 11. Ba2 c5 12. Nf1 Qc7 13. Bd2 Nc6 14. c3 b4 15. Ne3 g6 16. h3 a5 17. Nh2 Ba6 18. Nd5 Nxd5 19. Bxd5 Bb7 20. Bh6 Rfb8 21. Qf3 Nd8 22. Ng4 Bxd5 23. Nf6+ Bxf6 24. Qxf6 Ne6 25. exd5 Qd8 26. Qxd8+ Nxd8 27. Bg5 f5 28. Bxd8 Rxd8 29. cxb4 cxb4 30. Rac1 Rac8 31. f3 Kf7 32. Kf2 Kf6 33. Rc6 Rxc6 34. dxc6 Rc8 35. Rc1 Rc7 36. d4 Ke6 37. dxe5 Kxe5 38. Ke3 Kd5 39. f4 Rxc6 40. Rd1+ Ke6 41. Kd3 b3 42. Rd2 Kd5 43. Ke3+ Kc4 44. Rd4+ Kc5 45. g3 d5 46. Rd3 Re6+ 47. Kd2 Kc4 48. Rc3+ Kb4 49. Rd3 Rc6 50. Rd4+ Rc4 51. Ke3 Rxd4 52. Kxd4 Kxa4 53. Kc3 h5 54. h4 d4+ 55. Kc4 d3 56. Kc3 d2 57. Kxd2 Kb4 58. Kd1 a4 59. Ke1 0-1

[Event "Nagpur op"]
[Site "Nagpur"]
[Date "2012.10.16"]
[Round "1"]
[White "Rahman, Ziaur"]
[Black "Pradip, Tiwari"]
[Result "1-0"]
[WhiteElo "2502"]
[BlackElo "2028"]
[PlyCount "71"]
[EventDate "2012.10.16"]
[EventType "swiss"]
[EventRounds "11"]
[EventCountry "IND"]
[SourceTitle "EXT 2013"]
[Source "ChessBase"]
[SourceDate "2012.11.22"]
[SourceVersion "1"]
[SourceVersionDate "2012.11.22"]
[SourceQuality "1"]

1. Nf3 d5 2. c4 e6 3. g3 Nf6 4. Bg2 Be7 5. 0-0 0-0 6. b3 b6 7. Bb2 Bb7 8. e3 Nbd7 9. Nc3 c5 10. Qe2 Ne4 11. cxd5 exd5 12. d4 Rc8 13. Rfd1 c4 14. bxc4 Nxc3 15. Bxc3 Rxc4 16. Bd2 Qc8 17. Bh3 f5 18. Qd3 g6 19. Bg2 Ba6 20. Qb3 Nf6 21. Ne5 Kg7 22. Nxc4 Bxc4 23. Qb2 b5 24. a4 a6 25. axb5 axb5 26. Ra7 Rf7 27. Rda1 Ne4 28. Bb4 Bxb4 29. Rxf7+ Kxf7 30. Qxb4 Qb8 31. Bxe4 fxe4 32. Qc5 Qd8 33. Ra7+ Kf6 34. Qc6+ Kg5 35. h4+ Kg4 36. Rf7 1-0

[Event "Commonwealth-ch"]
[Site "Nagpur"]
[Date "2008.10.01"]
[Round "5"]
[White "Pradip, Tiwari"]
[Black "Navya Vyshnavi, Mannepalli"]
[Result "1-0"]
[WhiteElo "1960"]
[BlackElo "1752"]
[PlyCount "111"]
[EventDate "2008.09.28"]
[EventType "swiss"]
[EventRounds "11"]
[EventCountry "IND"]
[SourceTitle "CBM 126 Extra"]
[Source "ChessBase"]
[SourceDate "2008.11.05"]
[SourceVersion "1"]
[SourceVersionDate "2008.11.05"]
[SourceQuality "1"]

1. e4 g6 2. d4 Bg7 3. Nc3 e6 4. Be2 Ne7 5. f3 d5 6. Be3 c5 7. Qd2 Nbc6 8. exd5 exd5 9. Bb5 0-0 10. Bxc6 Nxc6 11. Nge2 cxd4 12. Nxd4 Nxd4 13. Bxd4 Re8+ 14. Kf1 Bf5 15. Bxg7 Kxg7 16. g4 Be6 17. h4 h6 18. Rd1 Qf6 19. Kg2 Rad8 20. h5 g5 21. Rhe1 b6 22. b3 a6 23. Ne2 Bc8 24. Nd4 b5 25. Qd3 Kg8 26. Qc3 Rxe1 27. Rxe1 Be6 28. Qd2 Re8 29. a3 Kg7 30. Kg3 Kg8 31. f4 gxf4+ 32. Qxf4 Qxf4+ 33. Kxf4 Kg7 34. Re2 Kf6 35. c3 Rg8 36. Rg2 Rc8 37. Rg3 Bd7 38. Rd3 Rg8 39. Nf5 Bxf5 40. gxf5 Rd8 41. Rd4 Rc8 42. Rxd5 Rxc3 43. Rd6+ Kg7 44. Rxa6 Rh3 45. f6+ Kh7 46. Ra7 Kg8 47. Ra8+ Kh7 48. Rf8 Rxb3 49. Rxf7+ Kg8 50. Rg7+ Kf8 51. Kf5 Rf3+ 52. Kg6 Rxa3 53. Rb7 Re3 54. Rb8+ Re8 55. Rxe8+ Kxe8 56. Kg7 1-0

[Event "Commonwealth-ch"]
[Site "Nagpur"]
[Date "2008.09.28"]
[Round "1"]
[White "Pradip, Tiwari"]
[Black "Ashwin, Jayaram"]
[Result "0-1"]
[WhiteElo "1960"]
[BlackElo "2436"]
[PlyCount "84"]
[EventDate "2008.09.28"]
[EventType "swiss"]
[EventRounds "11"]
[EventCountry "IND"]
[SourceTitle "CBM 126 Extra"]
[Source "ChessBase"]
[SourceDate "2008.11.05"]
[SourceVersion "1"]
[SourceVersionDate "2008.11.05"]
[SourceQuality "1"]

1. e4 c5 2. Nf3 d6 3. d4 cxd4 4. Nxd4 Nf6 5. Nc3 a6 6. Be2 e6 7. Be3 Qc7 8. 0-0 Be7 9. Kh1 b5 10. a3 Bb7 11. f3 0-0 12. Qe1 Nbd7 13. Rd1 d5 14. exd5 Nxd5 15. Nxd5 Bxd5 16. c3 Nc5 17. Nf5 Bf6 18. Qf2 Na4 19. Rxd5 exd5 20. Bd3 Rfe8 21. f4 Rac8 22. Bd4 Re6 23. Bxf6 Rxf6 24. Re1 Re6 25. Qg3 Rxe1+ 26. Qxe1 Kf8 27. Qf2 Re8 28. h3 Qb6 29. Nd4 Nc5 30. Bxh7 Nb3 31. Bf5 Nxd4 32. cxd4 Qa5 33. Qf3 Qe1+ 34. Kh2 Qe3 35. Qg4 Qxd4 36. Bd7 Rd8 37. Bc6 Qxb2 38. Bxd5 Rxd5 39. Qc8+ Ke7 40. Qc7+ Rd7 41. Qc5+ Ke8 42. Qc8+ Rd8 0-1